000 nam a22 4500
999 _c9100
_d9100
008 180411b ||||| |||| 00| 0 eng d
245 _aPanasonic recognition of same-sex marriage an isolated move.
260 _aPhilippines
_bPhilippine Daily Inquirer
_cc2016
300 _apage B2-4.
650 0 _927258
_aMarriage.
942 _2ddc
_cPER